Library of the University of Algiers 3
Ibrahim Sultan Cheibout
شعار جامعة الجزائر 3
مكتبة جامعة الجزائر 3
إبراهيم سلطان شيبوط

مسؤولية البنك في قبول المستندات في نظام الاعتماد المستندي في ظل الاعتراف الموحدة للاعتمادات المستندية : (رقم التسجيلة. 43750)

تفاصيل مارك
000 -LEADER
fixed length control field 01644nam a2200217Ia 4500
003 - CONTROL NUMBER IDENTIFIER
control field Ost
005 - DATE AND TIME OF LATEST TRANSACTION
control field 20260507075256.0
008 - FIXED-LENGTH DATA ELEMENTS--GENERAL INFORMATION
fixed length control field 260507s9999||||xx |||||||||||||| ||und||
020 ## - INTERNATIONAL STANDARD BOOK NUMBER
International Standard Book Number 6593119957
040 ## - CATALOGING SOURCE
Transcribing agency fsecg
041 ## - LANGUAGE CODE
Language code of text/sound track or separate title ara
082 ## - DEWEY DECIMAL CLASSIFICATION NUMBER
Classification number 330
100 ## - MAIN ENTRY--PERSONAL NAME
Personal name النعيمات، فيصل محمود مصطفى
Relator term مؤلف
245 #0 - TITLE STATEMENT
Title مسؤولية البنك في قبول المستندات في نظام الاعتماد المستندي في ظل الاعتراف الموحدة للاعتمادات المستندية :
Remainder of title نشرة500لعام1993و بعض القوانين الوطنية المقارنة /
Statement of responsibility, etc. فيصل محمود مصطفى النعيمات
260 ## - PUBLICATION, DISTRIBUTION, ETC.
Place of publication, distribution, etc. عمان:
Name of publisher, distributor, etc. دار وائل,
Date of publication, distribution, etc. 2005
300 ## - PHYSICAL DESCRIPTION
Extent 250 صفحة؛
Dimensions 25 سم
520 ## - SUMMARY, ETC.
Summary, etc. التعريف بالاعتماد المستندي وظائفه ، مراحله الزمنية و المراحل التي يقوم بها و أنواعه، معايير مطابقة المستندات و الشروط العامة له و الشروط التفصيلية لفحص المستندات ، مسؤولية البنك في قبول المستندات تجاه أطراف عملية الاعتماد : مسؤولية البنك تجاه العميل في قبول المستندات تجاه أطراف عملية الاعتماد و تنفيذ البنك لالتزامه تجاه المستفيد ، الغش من المستفيد و أثره على التزام البنك بتنفيذ الاعتماد و أخيرا المسؤولية بين البنوك.
653 ## - INDEX TERM--UNCONTROLLED
Uncontrolled term الإعتمادت المصرفية
653 ## - INDEX TERM--UNCONTROLLED
Uncontrolled term البنوك
942 ## - ADDED ENTRY ELEMENTS (KOHA)
Koha item type كتب
المقتنيات
Withdrawn status Lost status Source of classification or shelving scheme Damaged status Not for loan Home library Current library Date acquired Serial enumeration / chronology Inventory number Total checkouts Full call number Barcode Date last seen Price effective from Koha item type
    Dewey Decimal Classification   NOT LOAN / إعارة داخلية مكتبة كلية العلوم الإقتصادية والعلوم التجارية وعلوم التسيير مكتبة كلية العلوم الإقتصادية والعلوم التجارية وعلوم التسيير 07/05/2026 الطابق الأرضي 2011/7753   أ/3773ن1 2011/7753 07/05/2026 07/05/2026 كتب
    Dewey Decimal Classification   Available مكتبة كلية العلوم الإقتصادية والعلوم التجارية وعلوم التسيير مكتبة كلية العلوم الإقتصادية والعلوم التجارية وعلوم التسيير 07/05/2026 الطابق الأرضي 2011/7754   أ/3773ن2 2011/7754 07/05/2026 07/05/2026 كتب
    Dewey Decimal Classification   Available مكتبة كلية العلوم الإقتصادية والعلوم التجارية وعلوم التسيير مكتبة كلية العلوم الإقتصادية والعلوم التجارية وعلوم التسيير 07/05/2026 الطابق الثاني 2011/7755   أ/3773ن3 2011/7755 07/05/2026 07/05/2026 كتب

موارد الويب المفتوحة


© University of Algiers 3 All Rights Reserved
|
Implemented by LECHELAH Riad